The pharmaceutical industry in Europe

שמור ב:
מידע ביבליוגרפי
פורמט: ספר
שפה:Undetermined
יצא לאור: Paris DAFSA Publication 1974
נושאים:
תגים: הוספת תג
אין תגיות, היה/י הראשונ/ה לתייג את הרשומה!
Thư viện lưu trữ: Trung tâm Học liệu Trường Đại học Cần Thơ
LEADER 00463nam a2200169Ia 4500
001 CTU_107523
008 210402s9999 xx 000 0 und d
082 |a 338.476151094 
082 |b P536 
245 4 |a The pharmaceutical industry in Europe 
260 |a Paris 
260 |b DAFSA Publication 
260 |c 1974 
650 |a Pharmaceutical industry 
650 |z Europe 
904 |i Minh (Tuyến) 
980 |a Trung tâm Học liệu Trường Đại học Cần Thơ